| 000 | 00000nam##2200000za#4500 |
| 001 | 9.700237 |
| 003 | CaOODSP |
| 005 | 20241203113638 |
| 007 | cr ||||||||||| |
| 008 | 150407|2015||||xxc|||||o f|0| 0 eng|d |
| 020 | |a978-1-100-25530-9 |
| 040 | |aCaOODSP|beng |
| 043 | |an-cn--- |
| 086 | 1 |aEn4-144/62-2015E-PDF |
| 110 | 1 |aCanada. |bEnvironment Canada. |
| 245 | 10|aData sources and methods for the Managing Metal Mining Effluent Quality indicator |h[electronic resource] |
| 246 | 1 |aCanadian Environmental Sustainability Indicators |
| 260 | |aOttawa - Ontario : |bEnvironment Canada |cJanuary 2015. |
| 300 | |a7p.|breferences, tables |
| 590 | |a15-06|b2015-02-06 |
| 690 | 07|aMining industry|2gcpds |
| 690 | 07|aEnvironmental indicators|2gcpds |
| 775 | 08|tSources des données et méthodes de l'indicateur sur la gestion de la qualité des effluents des mines de métaux au Canada |w(CaOODSP)9.644131 |
| 856 | 40|ahttp://publications.gc.ca|qPDF|s419 KB|uhttps://publications.gc.ca/collections/collection_2015/ec/En4-144-62-2015-eng.pdf |